Managing foreign exchange risk : essays commissioned in honor of the centenary of the Wharton School, University of Pennsylvania /

Bibliographic Details
Corporate Authors: Global Interdependence Center, Group of Thirty, Wharton School
Other Authors: Herring, Richard
Format: Book
Language:English
Published: Cambridge [Cambridgeshire] ; New York : Cambridge University Press, 1983.
Subjects:

MARC

Tag First Indicator Second Indicator Subfields
LEADER 00000cam a22000008a 4500
001 in00000378917
005 20151011091943.0
008 821029s1983 enka b 10100 eng
010 |a  82021999  
020 |a 052125079X 
035 |a (OCoLC)08975419 
035 |9 ABQ7990AM 
039 0 |a 2  |b 3  |c 3  |d 3  |e 3 
040 |a DLC  |c DLC  |d TXA  |d UtOrBLW 
049 |a TXAM  |c [776132] 
050 0 0 |a HG205  |b 1981a 
082 0 |a 658.1/55  |2 19 
245 0 0 |a Managing foreign exchange risk :  |b essays commissioned in honor of the centenary of the Wharton School, University of Pennsylvania /  |c edited by Richard J. Herring. 
263 |a 8306 
264 1 |a Cambridge [Cambridgeshire] ;  |a New York :  |b Cambridge University Press,  |c 1983. 
300 |a xiv, 235 pages :  |b illustrations ;  |c 24 cm. 
336 |a text  |b txt  |2 rdacontent 
337 |a unmediated  |b n  |2 rdamedia 
338 |a volume  |b nc  |2 rdacarrier 
500 |a Based on essays and perspectives presented at a conference entitled Managing international risk, held in Philadelphia, Oct. 26-27, 1981, sponsored jointly by the Global Interdependence Center, the Group of Thirty, and the Wharton School, University of Pennsylvania. 
504 |a Includes bibliographies and index. 
610 2 0 |a Wharton School. 
650 0 |a Foreign exchange  |v Congresses. 
650 0 |a Foreign exchange administration  |x Congresses. 
700 1 |a Herring, Richard. 
710 2 |a Global Interdependence Center. 
710 2 |a Group of Thirty. 
710 2 |a Wharton School. 
740 0 |a Foreign exchange risk. 
999 |a MARS 
999 f f |s 0941b198-28cb-32d3-908f-06c4aa4a9c0a  |i 697c5903-c362-30dc-9ad6-cfae3b90ce25  |t 0 
952 f f |p ric  |a Texas A&M University  |b Rellis Campus  |c Joint Library Facility  |d Remote Storage  |t 0  |e HG205 1981a  |h Library of Congress classification  |i unmediated -- volume  |m A14807530401 
998 f f |a HG205 1981a  |t 0  |l Remote Storage